[Event "Modra Slovakia op"]
[Site "Modra"]
[Date "2024.03.05"]
[Round "8"]
[White "Visvader, Kristof"]
[Black "Mruskovic, Radoslav"]
[Result "0-1"]
[WhiteElo "1696"]
[BlackElo "1933"]
[PlyCount "102"]
[EventDate "2024.03.01"]
[EventType "swiss"]
[EventRounds "9"]
[EventCountry "SVK"]
[SourceTitle "CBM 219 Extra"]
[Source "ChessBase"]
[SourceDate "2024.05.31"]
[SourceVersion "1"]
[SourceVersionDate "2024.05.31"]
[SourceQuality "1"]

1. e4 d6 2. d4 Nf6 3. Nc3 c6 4. Nf3 Bg4 5. Bf4 Qa5 6. Bd3 e5 7. dxe5 dxe5 8. Bd2 Qb6 9. h3 Bxf3 10. Qxf3 Nbd7 11. 0-0-0 Be7 12. g4 h6 13. h4 g6 14. Bc4 Rf8 15. Bxh6 0-0-0 16. Bxf8 Rxf8 17. h5 Qb4 18. Bd3 Nc5 19. h6 Ne6 20. a3 Qa5 21. Bc4 Ng5 22. Qe2 Bxa3 23. Qd2 Bb4 24. Kb1 Ngxe4 25. Qe3 Nxc3+ 26. bxc3 Bxc3 27. Ba2 Qa3 28. Qc1 Qb4+ 29. Bb3 Nxg4 30. Rh4 Qa5 31. Ba2 f5 32. f3 Nf6 33. Rg1 g5 34. Rxg5 Bd2 35. Qg1 e4 36. Be6+ Kc7 37. Rxf5 Qb4+ 38. Bb3 Nd5 39. Rxd5 cxd5 40. h7 Bc3 41. Qc1 a5 42. fxe4 dxe4 43. Ka2 a4 44. Bg8 Bh8 45. Qa3 Qd4 46. Qe7+ Kb6 47. Rh6+ Ka7 48. Ka3 Rf3+ 49. c3 Rxc3+ 50. Ka2 Qd2+ 51. Ka1 Rc1# 0-1

[Event "Pobeskydy op"]
[Site "Frydek Mistek"]
[Date "2018.03.29"]
[Round "1"]
[White "Cerven, Peter"]
[Black "Mruskovic, Radoslav"]
[Result "1-0"]
[WhiteElo "1802"]
[BlackElo "2004"]
[PlyCount "71"]
[EventDate "2018.03.29"]
[EventType "swiss"]
[EventRounds "9"]
[EventCountry "CZE"]
[SourceTitle "CBM 183 Extra"]
[Source "ChessBase"]
[SourceDate "2018.04.19"]
[SourceVersion "1"]
[SourceVersionDate "2018.04.19"]
[SourceQuality "1"]

1. e4 c5 2. Nc3 Nc6 3. g3 g6 4. Bg2 Bg7 5. d3 d6 6. Be3 Nf6 7. Qd2 a6 8. a4 Nd4 9. Nge2 e5 10. 0-0 Be6 11. f4 Ng4 12. Bxd4 exd4 13. Nd1 Qd7 14. Kh1 h5 15. h4 0-0 16. Ng1 Rac8 17. Nf3 c4 18. dxc4 Bxc4 19. Re1 Ne3 20. Nxd4 Bxd4 21. Nxe3 Bxb2 22. Rab1 Bg7 23. Rb4 Be6 24. e5 dxe5 25. Qxd7 Bxd7 26. Bxb7 Rc7 27. Nd5 Rxc2 28. Bxa6 Bc6 29. Bb7 Bxb7 30. Rxb7 exf4 31. Nxf4 Ra8 32. Re4 Bf8 33. Nd5 Kg7 34. Rf4 Kh6 35. Rfxf7 g5 36. Rb6+ 1-0

[Event "SVK-chT2A 10/11"]
[Site "Slovakia"]
[Date "2011.01.08"]
[Round "5.4"]
[White "Mandak, Miroslav"]
[Black "Mruskovic, Radoslav"]
[Result "1-0"]
[WhiteElo "2069"]
[BlackElo "1962"]
[PlyCount "73"]
[EventDate "2010.10.23"]
[EventType "team-tourn"]
[EventRounds "11"]
[EventCountry "SVK"]
[SourceTitle "EXT 2019"]
[Source "ChessBase"]
[SourceDate "2018.10.10"]
[SourceVersion "1"]
[SourceVersionDate "2018.10.10"]
[SourceQuality "1"]
[WhiteTeam "Krasnany"]
[BlackTeam "Modra II"]
[WhiteTeamCountry "SVK"]
[BlackTeamCountry "SVK"]

1. Nf3 c5 2. g3 Nc6 3. Bg2 d5 4. 0-0 g6 5. d3 Bg7 6. Nbd2 Nf6 7. Re1 e5 8. e4 dxe4 9. dxe4 0-0 10. Qe2 Bg4 11. c3 Qe7 12. Nf1 h6 13. h3 Be6 14. N3d2 Rad8 15. Ne3 a6 16. Kh2 b5 17. b3 Qd7 18. Bf1 b4 19. cxb4 Nxb4 20. Rd1 Qd4 21. Ba3 a5 22. Bxb4 cxb4 23. Bg2 Qa7 24. Ndc4 Nd7 25. Rd6 Nc5 26. Rad1 Rxd6 27. Rxd6 Nb7 28. Rd2 f5 29. exf5 gxf5 30. Bd5 Qa6 31. Nxa5 Qxa5 32. Bxe6+ Kh8 33. Nxf5 Nc5 34. Nxg7 Kxg7 35. Qxe5+ Kg6 36. Bg4 Rf6 37. Bh5+ 1-0

[Event "SVK-chT2A 10/11"]
[Site "Slovakia"]
[Date "2010.10.23"]
[Round "1.7"]
[White "Mruskovic, Radoslav"]
[Black "Diviak, Rastislav"]
[Result "1-0"]
[WhiteElo "1962"]
[BlackElo "2014"]
[PlyCount "72"]
[EventDate "2010.10.23"]
[EventType "team-tourn"]
[EventRounds "11"]
[EventCountry "SVK"]
[SourceTitle "EXT 2019"]
[Source "ChessBase"]
[SourceDate "2018.10.10"]
[SourceVersion "1"]
[SourceVersionDate "2018.10.10"]
[SourceQuality "1"]
[WhiteTeam "Modra II"]
[BlackTeam "Osuske II"]
[WhiteTeamCountry "SVK"]
[BlackTeamCountry "SVK"]

1. d4 d5 2. c4 e6 3. g3 c6 4. Nf3 Nf6 5. Bg2 Be7 6. 0-0 0-0 7. Nc3 Nbd7 8. Qc2 Re8 9. Rd1 Nf8 10. Bf4 Ng6 11. e4 Nxf4 12. gxf4 dxe4 13. Nxe4 Qc7 14. Ne5 Nxe4 15. Qxe4 f6 16. Nd3 Bd7 17. Rac1 Bd6 18. c5 Bf8 19. Rc3 Rad8 20. Ne1 g6 21. Nf3 Bg7 22. Bf1 e5 23. fxe5 fxe5 24. Bc4+ Be6 25. Bxe6+ Rxe6 26. d5 cxd5 27. Rxd5 Rxd5 28. Qxd5 Qc6 29. Qc4 Bf6 30. Rd3 Kg7 31. b4 a6 32. a4 b6 33. b5 axb5 34. axb5 Qc8 35. c6 Re7 36. Nd2 e4 1-0

[Event "SVK-chT1W 0304"]
[Site "Slovakia"]
[Date "2003.??.??"]
[Round "5"]
[White "Bisco, Igor"]
[Black "Mruskovic, Radoslav"]
[Result "1-0"]
[WhiteElo "2185"]
[BlackElo "1980"]
[PlyCount "149"]
[EventDate "2003.10.??"]
[EventType "team-tourn"]
[EventRounds "9"]
[EventCountry "SVK"]
[SourceTitle "EXT 2005"]
[Source "ChessBase"]
[SourceDate "2004.11.15"]
[SourceVersion "1"]
[SourceVersionDate "2004.11.15"]
[SourceQuality "1"]

1. e4 c5 2. Nf3 g6 3. h4 h5 4. Nc3 Bg7 5. d4 cxd4 6. Nxd4 Nc6 7. Nf3 Nf6 8. Bg5 0-0 9. Qd2 d6 10. Bc4 Na5 11. Bb3 Nxb3 12. axb3 Qc7 13. 0-0 Bd7 14. Rfe1 Bc6 15. Nd4 e6 16. Nxc6 bxc6 17. Ra6 Ng4 18. f3 Ne5 19. Bh6 Bxh6 20. Qxh6 Rfb8 21. Rea1 Rb6 22. Qe3 Rxa6 23. Rxa6 Nd7 24. b4 Qb7 25. b5 Nb6 26. Qd3 d5 27. bxc6 Qxc6 28. Qd4 Qb7 29. Ra5 Rd8 30. exd5 exd5 31. Na4 Nxa4 32. Rxa4 Qb6 33. Qxb6 axb6 34. Rb4 Rd6 35. Kf2 Kf8 36. Ke3 Ke7 37. Kd4 Kd7 38. c3 Kc6 39. Ra4 Rf6 40. Kd3 Re6 41. Kd2 Kc5 42. b3 f6 43. Ra8 Kd6 44. Rg8 f5 45. Kd3 Ke5 46. Ke3 Kf6+ 47. Kd4 Rd6 48. Re8 Rc6 49. Rd8 Ke6 50. f4 Rd6 51. Re8+ Kd7 52. Re5 Kc6 53. b4 Rd7 54. Re6+ Kb5 55. g3 Rg7 56. Rd6 Re7 57. Rxg6 Re1 58. Kxd5 Rd1+ 59. Ke5 Rd3 60. Kxf5 Rxc3 61. g4 hxg4 62. Kxg4 Rc1 63. h5 Rg1+ 64. Kf5 Rh1 65. h6 Rh5+ 66. Kg4 Rh1 67. Re6 Rg1+ 68. Kf5 Rh1 69. Kg6 Rg1+ 70. Kf7 Rg4 71. Rf6 Rh4 72. Kg7 Rg4+ 73. Rg6 Rxf4 74. h7 Kxb4 75. h8Q 1-0

[Event "SVK-chT2W 0102"]
[Site "Slovakia"]
[Date "2002.01.12"]
[Round "7.6"]
[White "Mruskovic, Radoslav"]
[Black "Chorvat, Marian"]
[Result "0-1"]
[WhiteElo "2033"]
[BlackElo "2042"]
[PlyCount "96"]
[EventDate "2001.10.??"]
[EventType "team-tourn"]
[EventRounds "11"]
[EventCountry "SVK"]
[SourceTitle "EXT 2006"]
[Source "ChessBase"]
[SourceDate "2005.11.24"]
[SourceVersion "1"]
[SourceVersionDate "2005.11.24"]
[SourceQuality "1"]

1. Nf3 Nf6 2. c4 b6 3. g3 Bb7 4. Bg2 e5 5. d3 Be7 6. 0-0 d6 7. Nc3 Nbd7 8. b4 0-0 9. Bb2 Rb8 10. e3 Re8 11. d4 exd4 12. Nxd4 Bxg2 13. Kxg2 Qc8 14. b5 Ne5 15. Qe2 c5 16. Nf3 Nxf3 17. Qxf3 Qe6 18. Qf4 d5 19. cxd5 Nxd5 20. Nxd5 Qxd5+ 21. Kg1 Bg5 22. Qg4 Re4 23. f4 Bh6 24. Rfd1 Qc4 25. Be5 Rxe5 26. Rd6 Re6 27. Rad1 Rbe8 28. Rd8 g6 29. Rxe8+ Rxe8 30. Qd7 Qe6 31. Qxe6 Rxe6 32. Kf2 Re4 33. Rd7 Ra4 34. Rd2 Kf8 35. Kf3 Bg7 36. g4 Ke7 37. h4 Rb4 38. h5 c4 39. g5 c3 40. Rc2 Rb2 41. Rc1 Rxb5 42. h6 Bh8 43. e4 Bd4 44. e5 Rc5 45. Ke4 Rc4 46. Kd3 b5 47. Kc2 Be3 48. Rb1 b4 0-1

[Event "SVK-chT2W 9900"]
[Site "Slovakia"]
[Date "1999.??.??"]
[Round "3.6"]
[White "Misecka, Rastislav"]
[Black "Mruskovic, Radoslav"]
[Result "1/2-1/2"]
[WhiteElo "1947"]
[BlackElo "1959"]
[PlyCount "102"]
[EventDate "1999.11.06"]
[EventType "team-tourn"]
[EventRounds "9"]
[EventCountry "SVK"]
[SourceTitle "EXT 2005"]
[Source "ChessBase"]
[SourceDate "2004.11.15"]
[SourceVersion "1"]
[SourceVersionDate "2004.11.15"]
[SourceQuality "1"]

1. e4 d6 2. d4 Nf6 3. Nc3 g6 4. Nf3 Bg7 5. Be2 0-0 6. 0-0 c6 7. a4 e5 8. dxe5 dxe5 9. Qxd8 Rxd8 10. Bg5 h6 11. Bh4 Re8 12. Rad1 g5 13. Bg3 Nh5 14. Bxe5 Bxe5 15. Nxe5 Nf4 16. Bc4 Be6 17. Bxe6 Nxe6 18. Rd6 Na6 19. Ng4 Kg7 20. Rfd1 Nb4 21. Ne3 Rad8 22. Ne2 Rxd6 23. Nf5+ Kg6 24. Nxd6 Rd8 25. c3 Na6 26. b4 Nac7 27. Ng3 Ng7 28. e5 b6 29. Rd4 Nge6 30. Rc4 f6 31. Rxc6 Nd5 32. Nc8 Ndf4 33. h3 fxe5 34. Nxa7 Ra8 35. Nc8 Rxa4 36. Nxb6 Ra1+ 37. Kh2 Ra2 38. Ne4 Kf5 39. Rc4 Nd3 40. Nd7 Nef4 41. b5 Nxf2 42. Nxf2 Rxf2 43. b6 Rxg2+ 44. Kh1 Rd2 45. b7 Rd1+ 46. Kh2 Rd2+ 47. Kg3 e4 48. Rc5+ Ke6 49. Nf8+ Kf6 50. Nd7+ Ke6 51. Nf8+ Kf6 1/2-1/2

[Event "SVK-chT2W 9900"]
[Site "Slovakia"]
[Date "1999.??.??"]
[Round "7.6"]
[White "Samko, Karol"]
[Black "Mruskovic, Radoslav"]
[Result "0-1"]
[WhiteElo "1948"]
[BlackElo "1959"]
[PlyCount "182"]
[EventDate "1999.11.06"]
[EventType "team-tourn"]
[EventRounds "9"]
[EventCountry "SVK"]
[SourceTitle "EXT 2005"]
[Source "ChessBase"]
[SourceDate "2004.11.15"]
[SourceVersion "1"]
[SourceVersionDate "2004.11.15"]
[SourceQuality "1"]

1. e4 g6 2. d4 Bg7 3. g3 c5 4. Ne2 cxd4 5. Nxd4 d5 6. Bb5+ Kf8 7. Nc3 e5 8. Nb3 d4 9. Ne2 Bh3 10. Qd3 a6 11. Bc4 Nc6 12. Bd2 Nf6 13. Qf3 Qc8 14. 0-0-0 Qg4 15. Qxg4 Nxg4 16. Be1 Bh6+ 17. Kb1 Be3 18. fxe3 Nxe3 19. Rd3 Nxc4 20. Rg1 Bg4 21. Nec1 Nd6 22. h3 Be6 23. Nc5 Bc4 24. Rf3 Ke7 25. b3 Be6 26. g4 b6 27. Bh4+ Ke8 28. Nxe6 fxe6 29. Rf6 Kd7 30. Re1 Rhf8 31. Nd3 Nb5 32. Kc1 Rxf6 33. Bxf6 Kd6 34. Nb2 Nc3 35. Nc4+ Kc7 36. Nxe5 Nxa2+ 37. Kb2 Nab4 38. Nxc6 Nxc6 39. Rd1 Rf8 40. g5 e5 41. Rf1 Kd7 42. Ra1 a5 43. Ra4 Nb4 44. Bxe5 d3 45. Bc3 Nxc2 46. Bf6 Nb4 47. Ra1 Rc8 48. Bc3 Ke6 49. Rd1 Na2 50. Bd4 Rc2+ 51. Kb1 Nc3+ 52. Bxc3 Rxc3 53. Kb2 Rc2+ 54. Kb1 Re2 55. Rxd3 Rxe4 56. Rf3 Ke5 57. Kc2 Rf4 58. Re3+ Kf5 59. Re7 Kxg5 60. Rxh7 Rh4 61. Rb7 Rb4 62. Kc3 Kf6 63. Rc7 g5 64. Rc4 Rb5 65. h4 gxh4 66. Rxh4 Ke6 67. Rh6+ Kd7 68. Rg6 Rc5+ 69. Kd4 Kc7 70. Rf6 Kb7 71. Rf8 Ka6 72. Rb8 Kb5 73. Rg8 Kb4 74. Rg6 Rb5 75. Rg3 Ka3 76. Kc4 Rb4+ 77. Kd5 Rxb3 78. Rg6 a4 79. Kc4 b5+ 80. Kc5 Ka2 81. Rg2+ Rb2 82. Rg1 b4 83. Kb5 a3 84. Ka4 b3 85. Kb4 Rf2 86. Rg3 Rf4+ 87. Kc3 b2 88. Rg2 Ka1 89. Rg1+ b1Q 90. Rxb1+ Kxb1 91. Kb3 a2 0-1